Principles of electromechanical-energy conversion (Record no. 23169)

000 -LEADER
fixed length control field 00596nam a22002051 4500
001 - CONTROL NUMBER
control field 23169
003 - CONTROL NUMBER IDENTIFIER
control field BD-DhUET
008 - FIXED-LENGTH DATA ELEMENTS--GENERAL INFORMATION
fixed length control field 730301s1966 xx 000 0 eng
040 ## - CATALOGING SOURCE
Original cataloging agency DLC
Transcribing agency DLC
Modifying agency BD-DhUET
082 ## - DEWEY DECIMAL CLASSIFICATION NUMBER
Classification number 623.13
Item number MEI/1966
100 ## - MAIN ENTRY--PERSONAL NAME
Personal name Meisel, Jerome
245 10 - TITLE STATEMENT
Title Principles of electromechanical-energy conversion
250 ## - EDITION STATEMENT
Edition statement 1st ed.
260 ## - PUBLICATION, DISTRIBUTION, ETC. (IMPRINT)
Place of publication, distribution, etc. New York
Name of publisher, distributor, etc. McGraw-Hill
Date of publication, distribution, etc. 1966
300 ## - PHYSICAL DESCRIPTION
Extent xvii, 639p.
Other physical details ill.
490 ## - SERIES STATEMENT
Series statement McGraw-Hill electrical and electronic engineering series
504 ## - BIBLIOGRAPHY, ETC. NOTE
Bibliography, etc Includes bibliographies
650 #0 - SUBJECT ADDED ENTRY--TOPICAL TERM
Topical term or geographic name as entry element Mechinery: Electrical engineering
942 ## - ADDED ENTRY ELEMENTS (KOHA)
Koha item type General Book
Holdings
Koha item type Sublocation or collection (holding branch) Koha date last seen Koha normalized classification for sorting Lost status Piece designation (barcode) Date acquired Price effective from Location (home branch) Source of classification or shelving scheme Withdrawn status Shelving location Damaged status Koha full call number Copy number Not for loan
General BookCentral Library, BUET2015-05-03623_130000000000000_MEI_1968 118782015-05-032015-05-03Central Library, BUET  Circulation section 623.13/MEI/19681 
General BookCentral Library, BUET2015-05-03623_130000000000000_MEI_1966 118772015-05-032015-05-03Central Library, BUET  Circulation section 623.13/MEI/19662 
General BookCentral Library, BUET2015-05-03623_130000000000000_MEI_1966 118752015-05-032015-05-03Central Library, BUET  Circulation section 623.13/MEI/19663 
General BookCentral Library, BUET2015-05-03623_130000000000000_MEI_1966 114382015-05-032015-05-03Central Library, BUET  Circulation section 623.13/MEI/19664 
General BookCentral Library, BUET2015-05-03623_130000000000000_MEI_1966 118762015-05-032015-05-03Central Library, BUET  Circulation section 623.13/MEI/19665 
General BookCentral Library, BUET2015-05-03623_130000000000000_MEI_1966 114372015-05-032015-05-03Central Library, BUET  Circulation section 623.13/MEI/19666 
General BookCentral Library, BUET2015-05-03623_130000000000000_MEI_1966 118792015-05-032015-05-03Central Library, BUET  Circulation section 623.13/MEI/19667 
General BookCentral Library, BUET2015-05-03623_130000000000000_MEI_1966 849292015-05-032015-05-03Central Library, BUET  Circulation section 623.13/MEI/19668 
General BookCentral Library, BUET2015-05-07623_130000000000000_MEI_1966 155392015-05-072015-05-07Central Library, BUET  Circulation section 623.13/MEI/19669 
General BookCentral Library, BUET2015-07-12623_130000000000000_MEI_1966 392512015-07-122015-07-12Central Library, BUET  Circulation section 623.13/MEI/196610